000 00737nam a2200241Ia 4500
003 OSt
005 20220925230712.0
006 a|||||r|||| 00| 0
007 ta
008 220923b |||||||| |||| 00| 0 eng d
020 _a1895686725; 98400514881
037 _cGeneral Book
040 _aRTL
_cRTL
_beng
041 _2eng
_aeng
082 _aX:77, N7
100 _aMartinussen John J
_9294174
245 0 _aSociety, state and market
_b Guide to competing theories o of development
260 _aLondon
_bZed Books Ltd
_c1997
300 _axiv,386p. Bibliography: P 358-73
_ccm.
650 _aEconomic Development
_917300
942 _hX:77, N7
_cGB
_2CC
999 _c586383
_d586383